Meses do ano em Inglês - Statistics

General Stats
  • This quiz has been taken 24 times
  • The average score is 11 of 12
Answer Stats
Hint Answer % Correct
FEV February
100%
ABR April
94%
JAN January
94%
MAR March
94%
AGO August
89%
DEZ December
89%
JUL July
89%
JUN June
89%
MAI May
89%
NOV November
89%
OUT October
89%
SET September
89%
No matching quizzes found
Score Distribution
Percent of People with Each Score
Percentile by Number Answered
Your Score History
You have not taken this quiz